000 01007cam a2200301 i 4500
001 4096263
003 EG-ScBUE
005 20260312101955.0
008 740620t1975 nyua f b 001 0 eng d
020 _a0060451912
040 _aEG-ScBUE
_beng
_erda
_cEG-ScBUE
_dEG-ScBUE
082 0 4 _a552.5
_222
_bPET
100 1 _aPettijohn, F. J.
_q(Francis John),
_d1904-1999,
_eauthor.
245 1 0 _aSedimentary rocks /
_cF. J. Pettijohn, The Johns Hopkins University, Baltimore.
250 _aThird edition.
264 1 _aNew York :
_bHarper & Row, Publishers,
_c[1975]
264 4 _cc1975
300 _axii, 628 pages :
_billustrations ;
_c26 cm
336 _2rdacontent
_atext
_btxt
337 _aunmediated
_2rdamedia
_bn
338 _avolume
_bnc
_2rdacarrier
504 _aIncludes bibliographical references and index.
650 7 _aSedimentary rocks.
_2BUEsh
650 7 _aSedimentation and deposition.
_2BUEsh
_94025
653 _bENGGEN
_cDecember2017
655 _vReading book
_934232
942 _2ddc
_cBB
999 _c25831
_d25803